Les étendues d'eau dans des titres (films, chansons...) - Statistiques

Statistiques générales
  • Ce quiz a été pris 65 fois
  • Le résultat moyen est 5 sur 11
Statistiques - réponses
Hint Réponse % Correct
Alerte à Malibu (en anglais) : ----watch baie
86%
--- ase de l'oncle Tom lac
73%
----l et Gretel anse
72%
----'d Pitt bras
64%
---ci la vie mer
58%
L'----- modernes étang
53%
La ---- au diable mare
53%
Les --es de San Francisco ru
33%
The ----omotions loch
19%
Jean ------ Marais
17%
-----finger golfe
14%
Aucun quiz correspondant
Distribution des résultats
% des personnes avec chaque résultat
Percentile par nombre de réponses
Votre historique - résultats
Vous n’avez pas pris ce quiz